000 01059cam a22002174a 4500
005 20250605164039.0
008 250528s ||||||||||||||||||||||||d
035 _a16927
020 _a6500244
040 _aGR-AtMCL
_bgre
_dGR-AtMCL
_eAACR2
245 1 _aAdult Development and Aging / Second Edition
250 _a2nd
260 _bHarper Collins College Publishers,
_c1993
300 _a626
520 _aDetailed Contents, Preface, Adult Development and Aging: An Introduction, Research Methods in Adult Development and Aging, Biology of Aging and Longevity, Sensory and Perceptual Processes, Cognition: Learning and Memory, Cognition: Intelligence, Interpersonal Relationships and Socialization, Personality and Adaptation, Work and Retirement and Leisure, Mental Health and Psychopathology, Intervention and Therapy, Death and Dying, Epilogue, What Is Your Life Expectancy?, Glossary, References, Name and Subject Index.
700 1 _aHayslip Bert Jr
_93028
700 1 _aPanek Paul E
_93029
942 _cBK
999 _c2372
_d2372